Experimentation in mathematics : computational paths to discovery /
Guardado en:
| Autor Principal: | |
|---|---|
| Otros Autores: | , |
| Formato: | Libro |
| Idioma: | English |
| Publicado: |
Natick, Mass. :
AK Peters,
c2004.
|
| Materias: | |
| Etiquetas: |
Agregar Etiqueta
Sin Etiquetas, Sea el primero en etiquetar este registro!
|
| LEADER | 00849cam a22002294a 4500 | ||
|---|---|---|---|
| 001 | MAT.inmabb003919 | ||
| 008 | 030827s2004####maua#####b####001#0#eng## | ||
| 005 | 20151118164427.0 | ||
| 245 | 1 | 0 | |a Experimentation in mathematics : |b computational paths to discovery / |c Jonathan M. Borwein, David H. Bailey, Roland Girgensohn. |
| 260 | |a Natick, Mass. : |b AK Peters, |c c2004. | ||
| 300 | |a x, 357 p., [4] p. de láms. : |b il. ; |c 24 cm. | ||
| 504 | |a Incluye referencias bibliográficas (p. 335-348) e índice. | ||
| 510 | 4 | |a MR, |c 2005h:11002 | |
| 020 | |a 1568811365 | ||
| 100 | 1 | |a Borwein, Jonathan M. | |
| 700 | 1 | |a Bailey, David H. | |
| 700 | 1 | |a Girgensohn, Roland, |d 1964- | |
| 650 | 0 | |a Mathematics |x Research. | |
| 084 | |a 11-01 (11Yxx 40-01 42A16 42A38 68W30) |2 MR | ||
| 010 | |a 2003062324 | ||
| 040 | |a DLC |c DLC |d DLC | ||
| 859 | |h 11 |i B739e |p A-8345 |b BIB. MATEMATICA | ||
